Southville International School and Colleges
Your cart is empty.
  • Cart
  • Lists
    Public lists Eva Luna New books Lux_list list_1
    Your lists Log in to create your own lists
  • Log in to your account
  • Your cookies
  • Search history
Southville International School and Colleges
  • Advanced search
  • Recent comments
  • Most popular
  • Libraries

Log in to your account

Log in with GOOGLE


If you do not have an external account, but do have a local account, you can still log in:

  1. Home
  2. MARC view: The Wreck of the Hesperus
Normal view MARC view ISBD view

The Wreck of the Hesperus (Record no. 243085)

[ view plain ]
MARC details
000 -LEADER
fixed length control field 01397cam a22003613a 4500
001 - CONTROL NUMBER
control field 13830
003 - CONTROL NUMBER IDENTIFIER
control field PGUSA
005 - DATE AND TIME OF LATEST TRANSACTION
control field 20140828083309.0
008 - FIXED-LENGTH DATA ELEMENTS--GENERAL INFORMATION
fixed length control field 041022s2004||||xxu|||||s|||||000 p eng d
040 ## - CATALOGING SOURCE
Original cataloging agency PGUSA
Language of cataloging eng
042 ## - AUTHENTICATION CODE
Authentication code dc
050 #4 - LIBRARY OF CONGRESS CALL NUMBER
Classification number PS
100 1# - MAIN ENTRY--PERSONAL NAME
Personal name Longfellow, Henry Wadsworth,
Dates associated with a name 1807-1882
245 14 - TITLE STATEMENT
Title The Wreck of the Hesperus
Medium [electronic resource] /
Statement of responsibility, etc Henry Wadsworth Longfellow
260 ## - PUBLICATION, DISTRIBUTION, ETC. (IMPRINT)
Name of publisher, distributor, etc Project Gutenberg,
Date of publication, distribution, etc 2004
500 ## - GENERAL NOTE
General note "Illustrations by H. Winthrop Pierce, Edmund H. Garrett, J.D. Woodward, W.F. Halsall, W.L. Taylor, A. Buhler, H.P. Barnes, A.J. Lewis. Drawn and engraved under the supervision of George T. Andrew"--Page [6]
506 ## - RESTRICTIONS ON ACCESS NOTE
Terms governing access Public domain in the USA.
516 ## - TYPE OF COMPUTER FILE OR DATA NOTE
Type of computer file or data note Electronic text
653 ## - INDEX TERM--UNCONTROLLED
Uncontrolled term Hesperus (Ship) -- Poetry
653 ## - INDEX TERM--UNCONTROLLED
Uncontrolled term Shipwrecks -- Massachusetts -- Poetry
700 1# - ADDED ENTRY--PERSONAL NAME
Personal name Barnes, Hiram P.
Fuller form of name (Hiram Putnam)
700 1# - ADDED ENTRY--PERSONAL NAME
Personal name Pierce, H. Winthrop
Fuller form of name (Herman Winthrop),
Dates associated with a name 1850-
700 1# - ADDED ENTRY--PERSONAL NAME
Personal name Garrett, Edmund H.
Fuller form of name (Edmund Henry),
Dates associated with a name 1853-1929
700 1# - ADDED ENTRY--PERSONAL NAME
Personal name Taylor, William Ladd,
Dates associated with a name 1854-1926
700 1# - ADDED ENTRY--PERSONAL NAME
Personal name Buhler, Augustus W.
Fuller form of name (Augustus Waldeck),
Dates associated with a name 1853-1920
700 1# - ADDED ENTRY--PERSONAL NAME
Personal name Woodward, J. D.
700 1# - ADDED ENTRY--PERSONAL NAME
Personal name Halsall, William Formby,
Dates associated with a name 1841-1919
700 1# - ADDED ENTRY--PERSONAL NAME
Personal name Lewis, Arthur James,
Dates associated with a name 1824-1901
700 1# - ADDED ENTRY--PERSONAL NAME
Personal name Andrew, George T.
830 #0 - SERIES ADDED ENTRY--UNIFORM TITLE
Uniform title Project Gutenberg
Volume number/sequential designation 13830
856 40 - ELECTRONIC LOCATION AND ACCESS
Uniform Resource Identifier <a href="http://www.gutenberg.org/ebooks/13830">http://www.gutenberg.org/ebooks/13830</a>
942 ## - ADDED ENTRY ELEMENTS (KOHA)
Koha item type eBooks
Holdings
Withdrawn status Lost status Damaged status Home library Current library Date acquired Total Checkouts Date last seen Price effective from Koha item type
      Project Gutenberg Project Gutenberg 08/28/2014   08/28/2014 08/28/2014 eBooks

The Wreck of the Hesperus

APA

Longfellow H. W., Barnes H. P., Pierce H. W., Garrett E. H., Taylor W. L., Buhler A. W., Woodward J. D., Halsall W. F., Lewis A. J. & Andrew G. T. (2004). The Wreck of the Hesperus. : Project Gutenberg.

Chicago

Longfellow Henry Wadsworth, Barnes Hiram P, Pierce H Winthrop, Garrett Edmund H, Taylor William Ladd, Buhler Augustus W, Woodward J D, Halsall William Formby, Lewis Arthur James and Andrew George T. 2004. The Wreck of the Hesperus. : Project Gutenberg.

Harvard

Longfellow H. W., Barnes H. P., Pierce H. W., Garrett E. H., Taylor W. L., Buhler A. W., Woodward J. D., Halsall W. F., Lewis A. J. and Andrew G. T. (2004). The Wreck of the Hesperus. : Project Gutenberg.

MLA

Longfellow Henry Wadsworth, Barnes Hiram P, Pierce H Winthrop, Garrett Edmund H, Taylor William Ladd, Buhler Augustus W, Woodward J D, Halsall William Formby, Lewis Arthur James and Andrew George T. The Wreck of the Hesperus. : Project Gutenberg. 2004.

  • Place hold
  • Print
  • Cite
  • Add to your cart (remove)
  • Save record
    BIBTEX Dublin Core MARCXML MARC (non-Unicode/MARC-8) MARC (Unicode/UTF-8) MARC (Unicode/UTF-8, Standard) MODS (XML) RIS
  • More searches
    Search for this title in:
    Other Libraries (WorldCat) Other Databases (Google Scholar) Online Stores (Bookfinder.com) Open Library (openlibrary.org)

Exporting to Dublin Core...

SOUTHVILLE LIBRARY

Southville International School and Colleges Library

1281 Tropical Ave. Cor. Luxembourg St., BF Homes International, Las Pinas City

Tel. No. 8256374 / 252358 Loc. 117/146

Powered by Koha